Some aditional knowledge conditions for sociology /

Sparad:
Bibliografiska uppgifter
Huvudupphovsman: Freemantle, Harry
Övriga upphovsmän: Wickham, Gary
Materialtyp: Text
Taggar: Lägg till en tagg
Inga taggar, Lägg till första taggen!

MARC

LEADER 00000 a a2200000 04500
001 4786
003
040
100 |a Freemantle, Harry  
245 |a Some aditional knowledge conditions for sociology /  |c Harry Freemantle 
700 |a Wickham, Gary  
773 |g volumen 56, número 6; páginas 884-903  
999 |c 24668  |d 24668